Nicaragua: un nuevo espacio geopolítico
Guardat en:
| Format: | Text |
|---|---|
| Matèries: | |
| Etiquetes: |
Afegir etiqueta
Sense etiquetes, Sigues el primer a etiquetar aquest registre!
|
MARC
| LEADER | 00000 a a2200000 04500 | ||
|---|---|---|---|
| 001 | 17871 | ||
| 003 | |||
| 040 | |||
| 245 | |a Nicaragua: |b un nuevo espacio geopolítico | ||
| 650 | |a GEOPOLITICA | ||
| 650 | |a DICTADURA | ||
| 650 | |a ECONOMIA | ||
| 650 | |a PETROLEO | ||
| 650 | |a NICARAGUA | ||
| 773 | |g volumen 3, número 35. (1979) páginas 289 | ||
| 999 | |c 30097 |d 30097 | ||
| 773 | 0 | |0 42391 |9 3785 |a Agencia Latinoamericana de Información, ALAI |d Quito, Ecuador: ALAI |o 03846 |t ALAI: |x 08275564 (Servicio mensual de información y documentación) | |
